000 00267nam a22001217a 4500
082 _a532.5 THO'T
100 _aTHOMSON, L. M. M
_977932
245 _aTHEORATICAL HYDRODYNAMICS
250 _a5TH
260 _aLONDON
_bMACMILLAN
_c1974
300 _a743P
942 _cBK
999 _c583106
_d583106